[Event "EU-ch 25th"]
[Site "Eforie Nord"]
[Date "2025.03.25"]
[Round "10"]
[White "Engel, Robert"]
[Black "Velychko, Semen"]
[Result "1/2-1/2"]
[WhiteElo "2124"]
[BlackElo "1869"]
[PlyCount "112"]
[EventDate "2025.03.15"]
[EventType "swiss"]
[EventRounds "11"]
[EventCountry "ROU"]
[SourceTitle "CB13_2025"]
[SourceDate "2025.03.26"]
[SourceVersion "1"]
[SourceVersionDate "2025.03.26"]
[SourceQuality "1"]

1. e4 c5 2. Nf3 Nc6 3. Bb5 e6 4. 0-0 Nge7 5. d4 cxd4 6. Nxd4 Nxd4 7. Qxd4 a6 8. Bd3 Nc6 9. Qe3 b6 10. Qg3 Bb7 11. c3 h5 12. Bg5 Be7 13. Bxe7 Qxe7 14. Qc7 d5 15. Qxe7+ Kxe7 16. exd5 Ne5 17. Be4 exd5 18. Bc2 Kf6 19. Nd2 Nc4 20. Rad1 Rad8 21. Rfe1 b5 22. Nxc4 dxc4 23. f3 h4 24. Kf2 a5 25. a3 Bc6 26. Be4 Bxe4 27. fxe4 b4 28. axb4 axb4 29. Ke3 bxc3 30. bxc3 Rxd1 31. Rxd1 Rb8 32. Rd6+ Ke5 33. Rd5+ Ke6 34. Kd4 f6 35. g3 hxg3 36. hxg3 Rb2 37. Kxc4 Rg2 38. Kd4 Rxg3 39. Ra5 Rg1 40. Ra6+ Kd7 41. c4 Rd1+ 42. Kc5 Re1 43. Kd5 Rd1+ 44. Kc5 Re1 45. Rd6+ Kc7 46. Rd4 Ra1 47. Kd5 Ra8 48. Ke6 Re8+ 49. Kf7 Re5 50. Kxg7 f5 51. exf5 Rxf5 52. Kg6 Rf1 53. Rd5 Kc6 54. Rf5 Rxf5 55. Kxf5 Kc5 56. Ke4 Kxc4 1/2-1/2

[Event "EU-ch 25th"]
[Site "Eforie Nord"]
[Date "2025.03.17"]
[Round "3"]
[White "Domingo Nunez, Alejandro"]
[Black "Velychko, Semen"]
[Result "1-0"]
[WhiteElo "2337"]
[BlackElo "1869"]
[PlyCount "75"]
[EventDate "2025.03.15"]
[EventType "swiss"]
[EventRounds "11"]
[EventCountry "ROU"]
[SourceTitle "CB13_2025"]
[SourceDate "2025.03.26"]
[SourceVersion "1"]
[SourceVersionDate "2025.03.26"]
[SourceQuality "1"]

1. Nf3 Nf6 2. g3 g6 3. b3 Bg7 4. Bb2 d5 5. c4 e6 6. Bg2 0-0 7. 0-0 c5 8. cxd5 exd5 9. d4 Ne4 10. Qc1 Qf6 11. Nc3 Nxc3 12. Qxc3 Nd7 13. Rac1 b6 14. dxc5 Qxc3 15. Bxc3 Bxc3 16. Rxc3 bxc5 17. Rd1 Bb7 18. Ne1 Rfd8 19. Rcc1 Re8 20. Bxd5 Bxd5 21. Rxd5 Nb6 22. Rd2 Rac8 23. Rdc2 Re4 24. e3 c4 25. Nf3 Ree8 26. bxc4 Rc5 27. Kf1 Rec8 28. Nd2 f5 29. Ke2 Kf7 30. Kd3 Rd8+ 31. Kc3 Rdc8 32. Kd4 Na4 33. Kd3 R5c7 34. Nb3 Nb6 35. c5 Nd7 36. Ke2 Ne5 37. Nd4 Nc6 38. Nb5 1-0

[Event "EU-chT U12"]
[Site "Rhodes"]
[Date "2024.06.24"]
[Round "4"]
[White "Velychko, Semen"]
[Black "Petroff, Vlad"]
[Result "0-1"]
[WhiteElo "1734"]
[BlackElo "2021"]
[PlyCount "142"]
[EventDate "2024.06.21"]
[EventType "team-swiss"]
[EventRounds "7"]
[EventCountry "GRE"]
[SourceTitle "CBM 221 Extra"]
[Source "ChessBase"]
[SourceDate "2024.09.30"]
[SourceVersion "1"]
[SourceVersionDate "2024.09.30"]
[SourceQuality "1"]
[WhiteTeam "Ukraine U12"]
[BlackTeam "Romania U12"]
[WhiteTeamCountry "UKR"]
[BlackTeamCountry "ROU"]

1. e4 c6 2. d4 d5 3. exd5 cxd5 4. Bd3 Nc6 5. c3 Qc7 6. Nf3 Bg4 7. h3 Bh5 8. Be3 e6 9. Nbd2 Nf6 10. Qc2 Bd6 11. 0-0 0-0 12. Rfe1 Rab8 13. Bg5 Bg6 14. Bxg6 hxg6 15. c4 Nb4 16. Qb3 dxc4 17. Nxc4 Be7 18. Ne3 Rfd8 19. Rac1 Qa5 20. Nc4 Qxa2 21. Qxa2 Nxa2 22. Ra1 Nb4 23. Rxa7 Nc6 24. Raa1 Nxd4 25. Nxd4 Rxd4 26. Ne5 Nd5 27. Bxe7 Nxe7 28. Red1 Rxd1+ 29. Rxd1 Nd5 30. Rc1 Ra8 31. g3 Kf8 32. Kf1 Ke7 33. Ke2 Ra4 34. Kf3 Rb4 35. Rc2 g5 36. Nc4 f6 37. Ke2 e5 38. Ne3 Ke6 39. Nxd5 Kxd5 40. Kd3 b5 41. Ke3 f5 42. f3 g6 43. Kd3 g4 44. hxg4 fxg4 45. fxg4 Rxg4 46. Rg2 g5 47. Rg1 Rd4+ 48. Ke3 e4 49. g4 Rd3+ 50. Ke2 Rb3 51. Rd1+ Ke5 52. Rf1 Rxb2+ 53. Ke3 Rb3+ 54. Ke2 Rf3 55. Rb1 Kf4 56. Rxb5 Kxg4 57. Re5 Kf4 58. Re8 Ra3 59. Rf8+ Kg3 60. Re8 e3 61. Re5 g4 62. Rh5 Kg2 63. Rh4 g3 64. Rh5 Kg1 65. Rh7 g2 66. Rh8 Ra5 67. Rh7 Rf5 68. Rh6 Rf2+ 69. Ke1 e2 70. Rh3 Rf1+ 71. Kxe2 Rf5 0-1

[Event "EU-chT U12"]
[Site "Rhodes"]
[Date "2024.06.21"]
[Round "1"]
[White "Velychko, Semen"]
[Black "Golis, Wiktor"]
[Result "1/2-1/2"]
[WhiteElo "1734"]
[BlackElo "2228"]
[PlyCount "107"]
[EventDate "2024.06.21"]
[EventType "team-swiss"]
[EventRounds "7"]
[EventCountry "GRE"]
[SourceTitle "CBM 221 Extra"]
[Source "ChessBase"]
[SourceDate "2024.09.30"]
[SourceVersion "1"]
[SourceVersionDate "2024.09.30"]
[SourceQuality "1"]
[WhiteTeam "Ukraine U12"]
[BlackTeam "Poland U12"]
[WhiteTeamCountry "UKR"]
[BlackTeamCountry "POL"]

1. e4 c5 2. Nf3 d6 3. d4 cxd4 4. Nxd4 Nf6 5. Nc3 a6 6. Bd3 g6 7. f3 Bg7 8. Be3 b5 9. Qd2 Bb7 10. a4 b4 11. Nce2 a5 12. Bb5+ Nbd7 13. e5 dxe5 14. Nb3 0-0 15. Rd1 Bd5 16. 0-0 e6 17. Nc5 Nb6 18. b3 Qc7 19. Ng3 Nc8 20. Nge4 Ne7 21. Nxf6+ Bxf6 22. Nd7 Bg7 23. Nxf8 Rxf8 24. Qf2 Ra8 25. Bb6 Qb7 26. Bc5 Nf5 27. Bd3 Qc6 28. g4 Nd4 29. Bxd4 exd4 30. f4 f6 31. Bb5 Qc7 32. Rxd4 Bf8 33. Rxd5 exd5 34. Qg2 Rd8 35. f5 Qe5 36. fxg6 hxg6 37. Bd3 Bc5+ 38. Kh1 Kg7 39. Qg3 Bd6 40. g5 fxg5 41. Qxe5+ Bxe5 42. Kg2 g4 43. Re1 Kf6 44. Rf1+ Kg7 45. Re1 Bf4 46. Re6 g5 47. h3 Kf7 48. Ra6 gxh3+ 49. Kxh3 Rh8+ 50. Kg4 Rh4+ 51. Kf5 Be3 52. Rf6+ Kg7 53. Rg6+ Kf7 54. Rf6+ 1/2-1/2

[Event "Lvov Ukrainian Chess Warriors"]
[Site "Lvov"]
[Date "2024.03.15"]
[Round "8"]
[White "Dovgaliuk, Oleksandr"]
[Black "Velychko, Semen"]
[Result "1-0"]
[WhiteElo "1936"]
[BlackElo "1824"]
[PlyCount "51"]
[EventDate "2024.03.15"]
[EventType "swiss (rapid)"]
[EventRounds "8"]
[EventCountry "UKR"]
[SourceTitle "CBM 219 Extra"]
[Source "ChessBase"]
[SourceDate "2024.05.31"]
[SourceVersion "1"]
[SourceVersionDate "2024.05.31"]
[SourceQuality "1"]

1. d4 Nf6 2. Bg5 Ne4 3. Bf4 d5 4. e3 g6 5. Nd2 Bg7 6. Nxe4 dxe4 7. c3 0-0 8. Qc2 Bf5 9. h3 h5 10. g4 hxg4 11. hxg4 Bxg4 12. Qxe4 c6 13. Bxb8 Qb6 14. Qxg4 Qxb2 15. Qd1 Qxc3+ 16. Ke2 Raxb8 17. Rc1 Qa5 18. Qd2 Qb5+ 19. Ke1 Qd5 20. f3 Rfd8 21. Bc4 Qg5 22. Nh3 Qh5 23. Qg2 Qa5+ 24. Kf1 e5 25. Qxg6 Rd7 26. Ng5 1-0

[Event "Kezmarok op"]
[Site "Kezmarok"]
[Date "2022.10.01"]
[Round "9"]
[White "Velychko, Semen"]
[Black "Sekova, Olivia"]
[Result "1/2-1/2"]
[WhiteElo "1604"]
[BlackElo "1797"]
[PlyCount "90"]
[EventDate "2022.09.24"]
[EventType "swiss"]
[EventRounds "9"]
[EventCountry "SVK"]
[SourceTitle "CBM 210 Extra"]
[Source "ChessBase"]
[SourceDate "2022.11.30"]
[SourceVersion "1"]
[SourceVersionDate "2022.11.30"]
[SourceQuality "1"]

1. d4 Nf6 2. Nc3 d5 3. Bf4 a6 4. e3 e6 5. Nf3 c5 6. Be2 Nc6 7. 0-0 Bd6 8. dxc5 Bxf4 9. exf4 Qa5 10. Qd2 Qxc5 11. Na4 Qe7 12. Nb6 Rb8 13. a4 Qc5 14. a5 0-0 15. c3 Nxa5 16. Qd4 Nb3 17. Qxc5 Nxc5 18. Ne5 Ncd7 19. Nbxd7 Bxd7 20. g4 Bc6 21. Nxc6 bxc6 22. Rfb1 Rb3 23. Rxa6 c5 24. Ra3 Rfb8 25. Rxb3 Rxb3 26. Bd1 Rb8 27. f3 Kf8 28. Bc2 d4 29. cxd4 cxd4 30. Be4 Rb4 31. Kf2 Ke7 32. Ke2 Kd6 33. Kd3 e5 34. fxe5+ Kxe5 35. b3 Nd7 36. Kc2 Nc5 37. Bd3 Kf4 38. Bc4 f6 39. Rf1 Nd7 40. Kd3 Ne5+ 41. Kxd4 Rb8 42. Bd5 Rd8 43. Kc5 Rc8+ 44. Kd4 Rc2 45. h4 Rd2+ 1/2-1/2

[Event "Kezmarok op"]
[Site "Kezmarok"]
[Date "2022.09.29"]
[Round "7"]
[White "Bochnickova, Simona"]
[Black "Velychko, Semen"]
[Result "1/2-1/2"]
[WhiteElo "1903"]
[BlackElo "1604"]
[PlyCount "65"]
[EventDate "2022.09.24"]
[EventType "swiss"]
[EventRounds "9"]
[EventCountry "SVK"]
[SourceTitle "CBM 210 Extra"]
[Source "ChessBase"]
[SourceDate "2022.11.30"]
[SourceVersion "1"]
[SourceVersionDate "2022.11.30"]
[SourceQuality "1"]

1. e4 c5 2. Nf3 Nc6 3. d4 cxd4 4. Nxd4 e5 5. Nb5 d6 6. c4 Be7 7. N5c3 f5 8. exf5 Bxf5 9. Bd3 Be6 10. Nd5 Nf6 11. Nbc3 0-0 12. 0-0 Rc8 13. f4 Nb4 14. Be3 Nxd3 15. Qxd3 Ng4 16. Bxa7 exf4 17. Rxf4 Rxf4 18. Nxf4 Bxc4 19. Qf5 Nh6 20. Qe4 Qd7 21. Nfd5 Bxd5 22. Nxd5 Bf6 23. Re1 Qf5 24. Ne7+ Bxe7 25. Qxe7 Qd5 26. Rf1 Nf7 27. a4 h6 28. a5 Rc2 29. Rf2 Rc1+ 30. Rf1 Rc2 31. Rf2 Rc1+ 32. Rf1 Rc2 33. Rf2 1/2-1/2

[Event "Kezmarok op"]
[Site "Kezmarok"]
[Date "2022.09.27"]
[Round "5"]
[White "Elias, David"]
[Black "Velychko, Semen"]
[Result "1-0"]
[WhiteElo "1988"]
[BlackElo "1604"]
[PlyCount "53"]
[EventDate "2022.09.24"]
[EventType "swiss"]
[EventRounds "9"]
[EventCountry "SVK"]
[SourceTitle "CBM 210 Extra"]
[Source "ChessBase"]
[SourceDate "2022.11.30"]
[SourceVersion "1"]
[SourceVersionDate "2022.11.30"]
[SourceQuality "1"]

1. d4 Nf6 2. c4 g6 3. Nc3 d5 4. cxd5 Nxd5 5. Bd2 Bg7 6. e4 Nxc3 7. Bxc3 0-0 8. Be2 c5 9. d5 Nd7 10. Nf3 Qc7 11. 0-0 Ne5 12. Nd2 f6 13. Rc1 b6 14. b4 Nd7 15. Bb5 Bb7 16. Bd4 f5 17. Qb3 Kh8 18. Bxg7+ Kxg7 19. Bxd7 Qxd7 20. bxc5 bxc5 21. Rxc5 Rac8 22. Ra5 a6 23. Re1 fxe4 24. Nxe4 Qc7 25. Rc5 Qe5 26. Kf1 Rxc5 27. Nxc5 1-0

[Event "Kezmarok op"]
[Site "Kezmarok"]
[Date "2022.09.26"]
[Round "4"]
[White "Velychko, Semen"]
[Black "Juracak, David"]
[Result "1-0"]
[WhiteElo "1604"]
[BlackElo "1708"]
[PlyCount "79"]
[EventDate "2022.09.24"]
[EventType "swiss"]
[EventRounds "9"]
[EventCountry "SVK"]
[SourceTitle "CBM 210 Extra"]
[Source "ChessBase"]
[SourceDate "2022.11.30"]
[SourceVersion "1"]
[SourceVersionDate "2022.11.30"]
[SourceQuality "1"]

1. d4 d5 2. Nc3 e6 3. Bf4 Nf6 4. e3 Bd6 5. Nge2 0-0 6. g3 b6 7. Bg2 Bb7 8. 0-0 c5 9. Be5 Bxe5 10. dxe5 Ng4 11. Qc1 Nxe5 12. f4 Ng4 13. f5 e5 14. Rd1 Qg5 15. Nxd5 Nc6 16. e4 Qxc1 17. Raxc1 Nd4 18. Nxd4 cxd4 19. h3 Bxd5 20. hxg4 Bxa2 21. b3 Rfc8 22. Bf1 Rc5 23. Bc4 b5 24. Bd3 b4 25. Ra1 Ra5 26. Rdb1 Bxb1 27. Rxa5 Rc8 28. Ra1 Rc5 29. Rxb1 h6 30. g5 hxg5 31. Kf2 g6 32. fxg6 fxg6 33. Kf3 Kg7 34. Kg4 a5 35. Kxg5 Rc7 36. Rf1 Rc6 37. Bc4 a4 38. Rf7+ Kh8 39. Bd5 Rc3 40. Kh6 1-0